00489pab a2200157 454500008004000000100002000040245004500060260000900105300001100114362001400125650001800139773004700157909000900204999001500213952010300228180718b1984 xxu||||| |||| 00| 0 eng d aSundaram, Satya aCustomer service in banks at cross roads c1984 a217-23 aOct.-Dec. aBanks - India aJournal of the Indian Institute of bankers a4365 c4365d4365 00104070aIIPAbIIPAd2018-07-19hVolume no: 55, Issue no: 4pAR4368r2018-07-19w2018-07-19yAR